Lecciones del proceso: período 1992-1998; anexo
Spremljeno u:
| Glavni autor: | |
|---|---|
| Format: | Nepoznato |
| Izdano: |
San José:
PROFAC
|
| Teme: | |
| Oznake: |
Dodaj oznaku
Bez oznaka, Budi prvi tko označuje ovaj zapis!
|
MARC
| LEADER | 00000 a2200000 04500 | ||
|---|---|---|---|
| 001 | 19131 | ||
| 003 | |||
| 008 | 991231s d | ||
| 040 | |||
| 090 | |a 145201 | ||
| 100 | |a Muñoz Chacón, Sergio | ||
| 245 | |a Lecciones del proceso: período 1992-1998; anexo | ||
| 260 | |a San José: |b PROFAC | ||
| 300 | |a 155 p | ||
| 650 | |a PROGRAMAS GUBERNAMENTALES | ||
| 650 | |a DELEGACION DE LA TOMA DE DECISIONES | ||
| 650 | |a DESARROLLO REGIONAL | ||
| 650 | |a DESARROLLO LOCAL | ||
| 650 | |a PLANO LOCAL | ||
| 650 | |a METODOLOGIA | ||
| 650 | |a METODOS DE INVESTIGACION | ||
| 650 | |a MUJERES | ||
| 650 | |a JUVENTUD | ||
| 999 | |c 11570 |d 11570 | ||
